000 00633na a2200217 4500
001 17859
003 MIRAKIL
005 20181213154956.0
008 161107b tu 000 0
040 _aMilas
_btur
_cTR-AnCHP
041 _atur
082 _a330.9561
_bG35 1997
090 _a330.9561 G35 1997
245 _aGenel ekonomik hedefler ve yatırımlar
_b1998
_cDevlet Planlama Teşkilatı (DPT)
260 _aAnkara
_bDPT
_c1997
300 _a69 s.
_btbl.
_c1997
650 _aYatırımlar
_x1998
_zTürkiye
650 _aEkonomi
_xYatırımlar
_zTürkiye
710 _aDevlet Planlama Teşkilatı (DPT)
942 _2ddc
_cBKS
999 _c4201
_d4201